000 00493nmm a2200169Ia 4500
008 251105s9999||||xx |||||||||||||||||und||
020 _a9788461327461
041 _aspa
100 _aFeiner, Muriel
245 0 _aDe Lumière a Manolete :
_b El cine taurino
264 _a[Washington, Estados Unidos] :
_bDigitalia Publishing,
_c2010
300 _a390 páginas
490 _aSol y sombra
650 _aFilm studies
856 _uhttps://public.digitaliapublishing.com/a/2523
942 _cCF
999 _c83304
_d83304